Wimpy Kid Books- Sudden Death - Statistics

General Stats
  • This quiz has been taken 55 times
  • The average score is 10 of 19
Answers on the Grid
Answers color-coded by a green-red scale on the quiz's grid according to % correct below.
Diary of a wimpy kid
the homerun
Cabin fever
the ninth wheel
dog days
get it
partypoop
rodrick rules
the last straw
the open window
party pooper
the empty home
loving it
hard luck
the sneak out
big shot
the long haul
the meltdown
games all night
roblox
hello guys grankjbqos
the shot
the punishment
manny's heist
the third wheel
fourty seven
mee mee
kwemnfbchjwbekfbq
the ugly truth
ugly fracture
old school
the sixth wheel
the seventh wheel
double down
never gonna give you up
no brainer
thanksgiving
the debut
diper overlode
dumb bags
diaper overload
hot mess
old times
wrecking ball
going back to school
the getaway
 
Answer Stats
Answer % Correct
Diary of a wimpy kid
100%
dog days
88%
Cabin fever
84%
rodrick rules
80%
the long haul
76%
the last straw
64%
the ugly truth
64%
the third wheel
60%
hard luck
52%
the meltdown
48%
double down
44%
wrecking ball
44%
big shot
40%
old school
40%
party pooper
36%
the getaway
36%
diper overlode
32%
no brainer
28%
hot mess
24%
No matching quizzes found
Score Distribution
Percent of People with Each Score
Percentile by Number Answered
Your Score History
You have not taken this quiz